| 000 | 01193nam a22002537a 4500 | ||
|---|---|---|---|
| 005 | 20090825120337.0 | ||
| 008 | 090728t xxu||||| |||| 00| 0 pun d | ||
| 010 | _aPUN-6515 | ||
| 020 |
_c150.00 _a97889350171769 |
||
| 035 | _aPN-5633 | ||
| 037 | _bDBAD / PUB | ||
| 040 |
_adpl _bpn |
||
| 082 | _a851.08 | ||
| 100 | _924414 | ||
| 245 |
_aਪ੍ਰੋ. ਸੁਖਦੇਵ ਸਿੰਘ ਗਰੇਵਾਲ ਦਾ ਸਾਹਿਤਕ ਸਫ਼ਰ / _cਯਾਦਵਿੰਦਰ ਕੋਰ ਗਰੇਵਾਲ ਦ੍ਵਾਰਾ ਸੰਪਾਦਿਤ |
||
| 246 |
_aSukhdev singh grewal da sahitak safar _bby Yadvinder Kaur Grewal |
||
| 260 |
_aਚੰਡੀਗਡ਼ _bਲੋਕਗੀਤ ਪ੍ਰਕਾਸ਼ਨ _c2010 |
||
| 270 |
_as.c.o-26-27, Sector-34-A, _bਚੰਡੀਗਡ਼ _e160022 _k01624-682954, 09781534406 |
||
| 300 | 4 |
_a110 ਸਫੇ _c22 ਸੇਮੀ (ਸਜਿਲੱਦ) |
|
| 650 |
_924412 _aਅਲੋਚਨਾ |
||
| 650 |
_aCriticsium _924431 |
||
| 942 |
_2ddc _cPN _h851.08 _mਸੁਖਦੇ |
||
| 999 |
_c48892 _d48892 |
||